000 00595nam a2200241 a 4500
001 nice12345678
003 IN_TiNIC
005 20260116012331.0
008 050524s1991 alia grp 000 0 tel
020 _a
_c100
082 0 0 _a894.827
_bMAS
100 _aMastan, Shaik
245 _aMuslim Contribution to Telugu Literature
260 _aAligarh
_bAligarh Muslim University
_c1991
300 _a350p
500 _aincludes index and biblioraphy
505 2 _aindex
650 _aTelugu Literature
700 1 _aMastan, Shaik
902 _bSRS
942 _cBK
999 _c6604
_d6604